000 00634nam a22001817a 4500
003 UA-OsUOA
001 18937
007 ta
008 20040621b un ||||| |||| 00| 0 ukr d
100 _aМартинюк С.
942 _cSA
040 _aUA-OsUOA
_cUA-OsUOA
_dUA-OsUOA
245 _aПоходження назв міст Рівненщини
_b[Дубровиця, Здолбунів, Костопіль, Кузнецовськ, Радивилів, Сарни]
300 _aС.8
955 _a0
773 0 _w0
_tДзеркало плюс
_dДубно
_d2004
_g№24/10 черв./
650 7 _aКраєзнавча робота
_2UDC
999 _c305108
_d305108